000 00494nam a22001697a 4500
003 OSt
005 20260130071948.0
008 260130b |||||||| |||| 00| 0 eng d
020 _a 0-684-83789-7
040 _aDWC-Admin lib
_cOC
082 _aFic. H373d 1997
100 _aHemingway, Ernest
245 _aThe dangerous summer /
_cErnest Hemingway
260 _aNew York :
_bSimon & Schuster,
_cc1997.
300 _a228 p. ;
_c21 cm.
942 _2ddc
_cFIC.
_e 1st Touchstone ed.
_hFic.
_n0
999 _c8044
_d8044